Stav a vývoj progresívnych informačných technológií zvyšujúcich účinnosť riadenia na nadpodnikovej úrovni štúdia

Gespeichert in:
Bibliographische Detailangaben
Format: Buch
Sprache:Slowakisch
Veröffentlicht: Bratislava Výskumný ústav sociálno-ekonomických informácií a automatizácie v riadení 1985
Tags: Tag hinzufügen
Keine Tags, Fügen Sie das erste Tag hinzu!

MARC

LEADER 00000nam a2200000 4500
001 c110064
005 20200721085603.7
041 0 |a slo 
044 |a SK 
245 1 0 |a Stav a vývoj progresívnych informačných technológií zvyšujúcich účinnosť riadenia na nadpodnikovej úrovni  |b štúdia 
264 1 |a Bratislava  |b Výskumný ústav sociálno-ekonomických informácií a automatizácie v riadení  |c 1985 
300 |a 101 s.